000 00249nam a2200097Ia 4500
008 240331s9999 xx 000 0 und d
082 _bJOT
100 _aJothilingam, S.A
245 0 _aIlangayin innaprachanayum arasiyal theervu yosanaihalum
942 _cL
999 _c1392
_d1392